| 000 | 01373ata a2200469 4500 | ||
|---|---|---|---|
| 005 | 20241015190727.0 | ||
| 008 | 150623b xxu||||| |||| 00| 0 spa d | ||
| 041 | _aEspañol | ||
| 082 | _a658.3 D659g | ||
| 100 |
_aDolan, Simón L. _98334 |
||
| 100 |
_aValle Cabrera, Ramón _98335 |
||
| 100 | _aJackson, Susan E | ||
| 245 | _aLa gestión de los recursos humanos | ||
| 250 | _a2 edición | ||
| 260 | _aEspañol | ||
| 260 | _bMcGraw-Hill | ||
| 260 | _c2003 | ||
| 300 | _a391 páginas | ||
| 650 | _aRECURSOS HUMANOS | ||
| 650 | _aGESTIóN DE RECURSOS HUMANOS | ||
| 650 | _aORGANIZACIONES | ||
| 650 | _aRECLUTAMIENTO | ||
| 650 | _aEVALUACIóN DEL DESEMPEÑO | ||
| 650 | _aDESARROLLO DE COMPETENCIAS | ||
| 650 | _aTECNOLOGÍAS | ||
| 650 | _aPUESTOS DE TRABAJO | ||
| 650 | _aPLANIFICACIÓN DE LOS RECURSOS HUMANOS | ||
| 650 | _aSELECCIÓN DE PERSONAL | ||
| 650 | _aCARRERA PROFESIONAL | ||
| 650 | _aENTREVISTA DE SELECCIÓN | ||
| 650 | _aEVALUACIÓN DEL RENDIMIENTO | ||
| 650 | _aCRITERIOS QUE EVALUAR | ||
| 650 | _aTIPOS DE ENTREVISTA | ||
| 650 | _aCOMUNICACIÓN CON LOS EMPLEADOS | ||
| 650 | _aREECLUTAMIENTO Y SELECCIÓN | ||
| 650 | _aAUDITORÍA DE RECURSOS HUMANOS | ||
| 650 | _aRIESGO LABORAL | ||
| 650 | _aSALUD E HIGIENE EN EL TRABAJO | ||
| 650 | _aSALUD OCUPACIONAL | ||
| 650 | _aTEORÍA DE SISTEMAS | ||
| 942 | _cBK | ||
| 999 |
_c1455 _d1455 |
||